[Event "NRW Verbandsklasse Group3 1314"]
[Site "Nordrheinwestfalen"]
[Date "2013.11.03"]
[Round "3.3"]
[White "Fuest, Torsten"]
[Black "Wloka, Sebastian"]
[Result "1-0"]
[WhiteElo "1901"]
[BlackElo "1842"]
[PlyCount "83"]
[EventDate "2013.09.08"]
[EventType "team-tourn"]
[EventRounds "9"]
[EventCountry "GER"]
[SourceTitle "EXT 2020"]
[Source "ChessBase"]
[SourceDate "2019.10.17"]
[SourceVersion "1"]
[SourceVersionDate "2019.10.17"]
[SourceQuality "1"]
[WhiteTeam "Boenen SV"]
[BlackTeam "Eichlinghofen SV"]
[WhiteTeamCountry "GER"]
[BlackTeamCountry "GER"]

1. d4 d5 2. Bf4 Nf6 3. e3 e6 4. Nf3 Bd6 5. Bg3 0-0 6. Nbd2 c5 7. c3 Nc6 8. Bd3 Qe7 9. Ne5 Nd7 10. Nxd7 Bxd7 11. Bxd6 Qxd6 12. dxc5 Qxc5 13. Bxh7+ Kxh7 14. Qh5+ Kg8 15. Ne4 Qc4 16. Ng5 Qd3 17. e4 Rfe8 18. Qxf7+ Kh8 19. Qh5+ Kg8 20. Qf7+ Kh8 21. Qxd7 Rac8 22. Qf7 Ne5 23. Qh5+ Kg8 24. Qe2 Rxc3 25. Qxd3 Rxd3 26. Ke2 Rd4 27. f3 Nf7 28. Nxf7 Kxf7 29. Ke3 Rb4 30. b3 d4+ 31. Kd3 e5 32. Rhc1 g5 33. Rc5 Re6 34. Rac1 Kf6 35. Ra5 a6 36. Rc8 Rbb6 37. Rac5 Rbc6 38. R5xc6 Rxc6 39. Rxc6+ bxc6 40. b4 Ke6 41. g3 Kd6 42. f4 1-0

[Event "Ruhrgebiet VK1 1112"]
[Site "Nordrheinwestfalen"]
[Date "2012.03.04"]
[Round "7.5"]
[White "Panofen, Ingo"]
[Black "Wloka, Sebastian"]
[Result "0-1"]
[WhiteElo "1888"]
[BlackElo "1923"]
[PlyCount "46"]
[EventDate "2012.09.18"]
[EventType "team-tourn"]
[EventRounds "9"]
[EventCountry "GER"]
[SourceTitle "EXT 2020"]
[Source "ChessBase"]
[SourceDate "2019.10.17"]
[SourceVersion "1"]
[SourceVersionDate "2019.10.17"]
[SourceQuality "1"]
[WhiteTeam "Castrop Rauxel"]
[BlackTeam "Eichlinghofen SV"]
[WhiteTeamCountry "GER"]
[BlackTeamCountry "GER"]

1. d4 d5 2. c4 e6 3. Nc3 c6 4. e3 Nf6 5. Nf3 Nbd7 6. Bd3 Bd6 7. 0-0 0-0 8. e4 dxc4 9. Bxc4 e5 10. Bg5 Qe7 11. d5 Nb6 12. Qd3 Bg4 13. Nd2 h6 14. Be3 Rfd8 15. dxc6 Bc5 16. Nd5 Nfxd5 17. exd5 bxc6 18. d6 Bxd6 19. Bxb6 axb6 20. Qg6 Be2 21. Qe4 Bxf1 22. Nxf1 Bc5 23. Qxc6 Qh4 0-1

[Event "Ruhrgebiet VL2 0910"]
[Site "Germany"]
[Date "2009.09.06"]
[Round "1.6"]
[White "Bense, Dirk"]
[Black "Wloka, Sebastian"]
[Result "1/2-1/2"]
[WhiteElo "1974"]
[BlackElo "1872"]
[PlyCount "52"]
[EventDate "2009.09.06"]
[EventType "team-tourn"]
[EventRounds "9"]
[EventCountry "GER"]
[SourceTitle "EXT 2011"]
[Source "ChessBase"]
[SourceDate "2010.11.26"]
[SourceVersion "1"]
[SourceVersionDate "2010.11.26"]
[SourceQuality "1"]
[WhiteTeam "Brackel II"]
[BlackTeam "Eichlinghofen SV"]
[WhiteTeamCountry "GER"]
[BlackTeamCountry "GER"]

1. e4 c5 2. Nf3 Nc6 3. d4 cxd4 4. Nxd4 g6 5. Nc3 Bg7 6. Be3 Nf6 7. Be2 0-0 8. Nb3 a5 9. a4 d6 10. 0-0 Nd7 11. f4 b6 12. Bf3 Bb7 13. Qd2 Nc5 14. Nd4 Nxd4 15. Bxd4 Re8 16. Bxg7 Kxg7 17. Nd5 f6 18. Qe3 Bxd5 19. exd5 Qd7 20. Qd4 b5 21. axb5 Qxb5 22. Rfe1 Qb4 23. Qxb4 axb4 24. Be2 Reb8 25. Bc4 Kf7 26. Kf1 f5 1/2-1/2